01043 2200337 4500001002100000005001500021035002000036007000300056008004100059020002200100040002200122082001400144084001600158090002000174090002200194100002500216245013300241250003400374300005000408700002700458850001200485041000800497504003000505651001000535264004200545336002100587337003000608338002300638999002200661990002200683INLIS00000000085052120190820125401 a0010-0819000423ta190820s2018 yoia g 1 ind d a978-602-5907-78-4 aYOPDYOGbinderda04223a152.4 a152.4 MUN b aDEP 152.4 MUN b aCB-D.11 2018-32400 aMunita Yeniepenulis12aBaca buku ini saat engkau lelah sesungguhnya berpura-pura bahagia itu melelahkan /cpenulis, Munita Yeni; penyunting, Sony Adams aCetakan pertama, Oktober 2018 aix, 218 halaman :bilustrasi, gambar ;c20 cm0 aSony Adamsepenyunting aYOPDYOG0 aind aBibliografi : halaman 216 4aCinta3 aYogyakarta :bPsikologi Corner,c2018 2rdacontentateks 2rdamediaatanpa perantara 2rdacarrieravolume aCB-D.11/2018-3240 aCB-D.11/2018-3240